000 00420nam a2200181Ia 4500
001 1433
005 20260306143728.0
008 260306t2002||||xx |||||||||||||| ||spa||
041 _aESP
082 _a150.1
_bB92
100 _aBunge, Mario
_eAUT
245 0 _aFilosofía de la Psicología
260 _c2002
300 _a334 páginas :
_c23 x 16 cm.
650 _aGEN
654 _aCPS
942 _cLIB
_dJUS
_fJUS
_2ddc
_n
999 _c1433
_d1433